پندرہ گورنر پندرہ کہانیاں (Record no. 75371)
[ view plain ]
| 000 -LEADER | |
|---|---|
| fixed length control field | 00503nam a22001457a 4500 |
| 005 - DATE AND TIME OF LATEST TRANSACTION | |
| control field | 20150902110454.0 |
| 008 - FIXED-LENGTH DATA ELEMENTS--GENERAL INFORMATION | |
| fixed length control field | 150902b xxu||||| |||| 00| 0 eng d |
| 040 ## - CATALOGING SOURCE | |
| Transcribing agency | PK-LaUMT |
| 082 ## - DEWEY DECIMAL CLASSIFICATION NUMBER | |
| Classification number | KHC 954.92 |
| Item number | JIL-P |
| 100 ## - MAIN ENTRY--PERSONAL NAME | |
| Personal name | جیلانی، ایس جی |
| 245 ## - TITLE STATEMENT | |
| Title | پندرہ گورنر پندرہ کہانیاں |
| Remainder of title | مشرقی پاکستان کی ان کہی داستان |
| Statement of responsibility, etc | ایس جی جیلانی |
| 260 ## - PUBLICATION, DISTRIBUTION, ETC. (IMPRINT) | |
| Place of publication, distribution, etc | لاہور |
| Name of publisher, distributor, etc | فرنٹیر پوسٹ پبلیکشینز |
| Date of publication, distribution, etc | 1993 |
| 300 ## - PHYSICAL DESCRIPTION | |
| Extent | 192 ص |
| 942 ## - ADDED ENTRY ELEMENTS (KOHA) | |
| Koha item type | Books |
| Withdrawn status | Lost status | Damaged status | Home library | Current library | Date acquired | Full call number | Barcode | Date last seen | Price effective from | Koha item type |
|---|---|---|---|---|---|---|---|---|---|---|
| UMT Main Campus | UMT Main Campus | 2015-09-02 | KHC 954.92 JIL-P | 71829 | 2015-09-02 | 2015-09-02 | Books |
